| 000 | 00889nam a22002297a 4500 | ||
|---|---|---|---|
| 005 | 20100723164723.0 | ||
| 010 | _aENG-96549 | ||
| 020 |
_a9788124604540 _c1100.00 |
||
| 020 |
_a8124604541 _c1100.00 |
||
| 035 | _aEN-80082 | ||
| 037 | _bDBAD/PUB | ||
| 082 | _a203.50954 | ||
| 245 |
_aPilgrimage: _bsacred landscapes and self-organized complexity / _cedited by John Mckim Malville [and] Baidyanath Saraswati |
||
| 260 |
_aNew Delhi _bIndira Gandhi National Centre for the Arts _c2009 |
||
| 270 |
_aF-52, Bali Nagar Ramesh Nagar Metro Station _bNew Delhi _e110015 |
||
| 300 |
_ax, 359p. _c25cm (Hb) |
||
| 500 | _aIncludes index | ||
| 700 |
_aMalville, John Mckim _91103 |
||
| 700 |
_aSaraswati, Baidyanath _91104 |
||
| 942 |
_2ddc _cEN _mPIL _h203.50954 |
||
| 999 |
_c37471 _d37471 |
||